00738nam a22002172 45000010005000000030008000050050017000130080041000300200015000710350018000860400032001040410008001360820024001442450141001682600045003093000021003545040051003756500048004267000026004747000020005004767BD-RjUL20211208233943.0131223t1979 nyu b 001 0 eng d a0709901100 a(BD-RjUL)4802 aAZUcAZUdEQOdBD-RjULbeng aeng04216a362.7bCAR 197900aCaring for deprived children :binternational case studies of residential settings /cedited by Christopher J. Payne and Keith J. White. aNew york :bST. Martin's kpress,cc1979. a271 p. ;c23 cm. aIncludes bibliographical references and index. 0aChildrenxInstitutional carexCase studies.1 aPayne, Christopher J.1 aWhite, Keith J.